Epoxidised natural rubber: An interface modifier for natural rubber- silica composites (Record no. 53029)

MARC details
000 -LEADER
fixed length control field 00656nam a2200181Ia 4500
100 ## - MAIN ENTRY--AUTHOR NAME
Personal name Varkey J.K.
245 #0 - TITLE STATEMENT
Title Epoxidised natural rubber: An interface modifier for natural rubber- silica composites
260 ## - PUBLICATION, DISTRIBUTION, ETC. (IMPRINT)
Name of publisher In: Technological challenges and opportunities of a demanding global environment: International Rubber Conference, 7-9 December 1998, Chennai, India, V 1, pp. 123-133
Year of publication 1998
650 ## - SUBJECT ADDED ENTRY--TOPICAL TERM
Topical Term Epoxidized natural rubber
650 ## - SUBJECT ADDED ENTRY--TOPICAL TERM
Topical Term Filler
650 ## - SUBJECT ADDED ENTRY--TOPICAL TERM
Topical Term Silica
650 ## - SUBJECT ADDED ENTRY--TOPICAL TERM
Topical Term Thermal degradation
700 ## - ADDED ENTRY--PERSONAL NAME
Personal name Joseph S.[b]
700 ## - ADDED ENTRY--PERSONAL NAME
Personal name Mathew N.M.
700 ## - ADDED ENTRY--PERSONAL NAME
Personal name Thomas K.T.
942 ## - ADDED ENTRY ELEMENTS (KOHA)
Koha item type Bibliography STAF
Holdings
Withdrawn status Lost status Damaged status Not for loan Home library Current library Date acquired Koha item type
      Bibliography RRII Library RRII Library 09/04/2014 Bibliography STAF